| 000 | 01116nam a22003012 4500 | ||
|---|---|---|---|
| 001 | 0000008874 | ||
| 005 | 20151217160118.0 | ||
| 008 | 080613s xx 000 0 eng d | ||
| 020 | _cKES | ||
| 040 |
_aKABU _cKABU |
||
| 245 | 1 | 0 |
_aArt express / _cVesta A. H. Daniel ...[et al.] |
| 260 |
_aBoston : _bHacourt Brace, _c1998. |
||
| 300 | _aBooks 2 - 5. | ||
| 650 | 0 |
_aArt. _@0000159646 |
|
| 700 | 1 |
_aDaniel, Vesta A. H. _@0000159647 |
|
| 908 | _a080613 | ||
| 950 | _@1 | ||
| 999 |
_c14448 _d14448 |
||